|
|
|
|
| LEADER |
01222nam a2200253 a 4500 |
| 001 |
1368792 |
| 008 |
091001s1979 bg b 000 0 eng d |
| 010 |
|
|
|a 80902844
|
| 040 |
|
|
|a DLC
|c DLC
|d DLC
|
| 082 |
0 |
0 |
|a 370.19/346/095492
|2 19
|
| 110 |
2 |
|
|a Foundation for Research on Educational Planning and Development (Bangladesh).
|
| 245 |
1 |
2 |
|a A pilot research project on nonformal education :
|b a micro study.
|
| 260 |
|
|
|a Dacca :
|b Foundation for Research on Educational Planning and Development,
|c 1979.
|
| 300 |
|
|
|a ii, iii, 208 p. ;
|c 23 cm.
|
| 500 |
|
|
|a Sequel to: Nonformal education in Bangladesh.
|
| 504 |
|
|
|a Includes bibliographical references.
|
| 541 |
1 |
|
|e 00000866
|
| 650 |
|
0 |
|a Education, Rural
|z Bangladesh.
|
| 650 |
|
0 |
|a Fundamental education
|z Bangladesh.
|
| 651 |
|
0 |
|a Bangladesh
|x Rural conditions.
|
| 710 |
2 |
|
|a Foundation for Research on Educational Planning and Development (Bangladesh).
|b Nonformal eduacation in Bangladesh.
|
| 852 |
4 |
|
|a Ayesha Abed Library
|j General Shelf.
|
| 999 |
|
|
|c 4209
|d 4209
|
| 952 |
|
|
|0 0
|1 0
|2 ddc
|4 0
|6 370_193460954920000_PIL_1979
|7 0
|9 3870
|a BRACUL
|b BRACUL
|c GEN
|d 2009-10-04
|g 0.00
|l 0
|o 370.19346095492 PIL
|p 3010000866
|r 2009-10-04
|t 1
|w 2009-10-04
|y BK
|x No price found in the accession register.
|